| 000 | 00360nam a2200145Ia 4500 | ||
|---|---|---|---|
| 008 | 230312s9999||||xx |||||||||||||| ||und|| | ||
| 020 | _a9780495897804 | ||
| 082 |
_a771 _bWAR-P |
||
| 100 | _aDerakhshani,Dariush | ||
| 245 | 0 | _aIntroducing Autodesk Maya 2016 | |
| 260 |
_bCengage _aUSA _c2012 |
||
| 300 | _a254 | ||
| 650 |
_aComputer _vPhotography |
||
| 942 | _cBK | ||
| 999 |
_c17287 _d17287 |
||